000 00543nam a2200157Ia 4500
005 20250508155058.0
008 008 250505s9999 xx 000 0 eng d
037 _aBooks to be hide in OPAC
040 _aFEDL
_beng
_cFEDL
041 _aeng
_2eng
084 _a371.426, GRE/O
_qFEDL
245 0 _aForty-sixty report of the inspector appointed to visit the reformatory and industrial schools of Ireland
260 _aDublin
_bHis Majesty's Stationery Office
_c1908
942 _cHB
_h371.426, GRE/O
999 _c1353983
_d1353983